Szczegóły MARC21

Polska kaczka - europejski staw : szanse i pułapki polskiej polityki europejskiej /

003 -Nazwa inst., której nr kontr. jest w polu 001 [,]
    • @
    • Nazwa instytucji, której n kontrolny jest w polu 001
    • NUKAT
005 -DATA I CZAS OSTATNIEJ MODYFIKACJI [,]
    • @
    • pole kontrolne
    • 20241231113003.0
020 -Międzynarod. znormalizowany nr książki - ISBN [ , ]
    • a
    • Numer ISBN
    • 8388032046 Find
040 -Instytucja sporządzająca opis [ , ]
    • a
    • Instytucja, która sporządziła opis (NP)
    • Ł U/MG
    • c
    • Instytucja, która sporządziła rekord (NP)
    • Ł U/MG
    • d
    • Instytucja, która zmodyfikowała rekord (P)
    • Ł U/MK
    • d
    • Instytucja, która zmodyfikowała rekord (P)
    • Ł U/MSs
    • d
    • Instytucja, która zmodyfikowała rekord (P)
    • OLSZT 003/DS
942 -Rodzaj dokumentu [ , ]
    • c
    • Rodzaj dokumentu
    • Książka
100 -Hasło główne - nazwa osobowa [1, ]
    • a
    • Nazwa osobowa (NP)
    • Bachmann, Klaus
    • d
    • Daty biograficzne (NP)
    • (1963- ).
    • 9
    • KHW
    • 13402
240 -Tytuł ujednolicony [1,0]
    • a
    • Tytuł ujednolicony
    • Polska kaczka - europejski staw
    • l
    • Język tekstu
    • (pol.)
    • 9
    • KHW
    • 656705
245 -Strefa tytułu i oznaczenia odpowiedzialności [1,0]
    • a
    • Tytuł
    • Polska kaczka - europejski staw : Find
    • b
    • Ciąg dalszy tytułu (NP)
    • szanse i pułapki polskiej polityki europejskiej / Find
    • c
    • Pozostałe elementy strefy tytułu i oznaczenia odpowiedzialności (NP)
    • Klaus Bachmann ; Centrum Stosunków Międzynarodowych.
260 -Strefa adresu wydawniczego [ , ]
    • a
    • Miejsce wydania (P)
    • Warszawa :
    • b
    • Nazwa wydawcy (P)
    • Towarzystwo "Więź",
    • c
    • Data wydania (P)
    • 1999.
300 -Strefa opisu fizycznego [ , ]
    • a
    • Określenie formy książki i/lub objętość (NP)
    • 206 s. ;
    • c
    • Format (NP)
    • 21 cm.
336 -Typ zawartości [ , ]
    • a
    • Termin opisujący typ zawartości
    • Tekst
    • b
    • Kod określający zawartość
    • txt
    • 2
    • Źródło (terminu i kodu)
    • rdacontent
337 -Typ mediów [ , ]
    • a
    • Tryb odtwarzania
    • Bez urządzenia pośredniczącego
    • b
    • Kod typu mediów
    • n
    • 2
    • Źródło (terminu i kodu)
    • rdamedia
338 -Typ/rodzaj nośnika [ , ]
    • a
    • Hasło opisujące typ nośnika
    • Wolumin
    • b
    • Kod typu nośnika
    • nc
    • 2
    • Źródło (terminu i kodu)
    • rdacarrier
080 -Uniwersalna Klasyfikacja Dziesiętna [ , ]
    • a
    • Symbol klasyfikacji
    • 327.39(4)"1989/..."
080 -Uniwersalna Klasyfikacja Dziesiętna [ , ]
    • a
    • Symbol klasyfikacji
    • :316.65(438)"1989/..."
610 -Hasło przedmiotowe w formie nazwy ciała zbiorowego [2,7]
    • a
    • Nazwa ciała zbiorowego lub nazwa geograficzna
    • Unia Europejska
    • x
    • Określnik ogólny
    • członkostwo.
    • 2
    • Źródło terminu
    • kaba
    • 9
    • KHW
    • 349382
610 -Hasło przedmiotowe w formie nazwy ciała zbiorowego [2,7]
    • a
    • Nazwa ciała zbiorowego lub nazwa geograficzna
    • Unia Europejska
    • z
    • Określnik geograficzny
    • Polska.
    • 2
    • Źródło terminu
    • kaba
    • 9
    • KHW
    • 353563
980 -Symbol UKD [ , ]
    • a
    • UKD
    • 327.39(4):316.65(438)]"1989/..."
710 -Hasło dodatkowe - nazwa ciała zbiorowego [2, ]
    • a
    • Nazwa ciała zbiorowego lub nazwa geograficzna jako pierwszy element (NP)
    • Instytut Spraw Publicznych.
    • b
    • Nazwa jednostki podrzędnej (P)
    • Centrum Stosunków Międzynarodowych.
    • 9
    • KHW
    • 404850
710 -Hasło dodatkowe - nazwa ciała zbiorowego [2, ]
    • a
    • Nazwa ciała zbiorowego lub nazwa geograficzna jako pierwszy element (NP)
    • Biblioteka "Więzi".
    • 4
    • Kod relacji
    • pbl
    • 9
    • KHW
    • 64906
920 -ISBN [ , ]
    • a
    • ISBN
    • 83-88032-04-6 Find
Data inwentaryzacji Lokalizacja Status udost. Numer inwentarzowy Sygnatura
2000-06-20BE-2E.66853 
2000-06-20BE-3S.86131 
2000-06-20BG1Z.96135Z.96135
2000-06-20BG1CDE.240 
2000-06-20BNS1F.29859 
2000-06-20T-2T.2737